[Event "It (open)"]
[Site "masterchessopen.com Milan (Italy)"]
[Date "2002.12.07"]
[Round "8"]
[White "Zanetti Alberto (ITA)"]
[Black "Dragojlovic Andjelko (SRB)"]
[Result "0-1"]
[WhiteElo "2167"]
[BlackElo "2334"]

1.Nf3 Nf6 2.c4 g6 3.Nc3 d5 4.cxd5 Nxd5 5.g3 Bg7 6.Bg2 O-O 7.O-O c5 8.d4 cxd4
9.Nxd4 Nxc3 10.bxc3 a6 11.f4 Qc7 12.Qb3 Nc6 13.Qc4 Bd7 14.Ba3 b5 15.Qc5 Rac8
16.e4 e5 17.Nxc6 Bxc6 18.f5 Rfd8 19.Qe3 Ba8 20.Rac1 a5 21.f6 Bh8 22.Bh3 Rb8
23.Be7 Re8 24.Rcd1 Bc6 25.Bd6 Qb6 26.Bc5 Qb7 27.Rd6 Bxe4 28.Rfd1 Bf3 29.R1d3
e4 30.R3d5 Bxf6 31.Rxf6 Qxd5 32.Bd4 Qh5 33.Bd7 Re7 34.Qf4 Rb7 35.Rd6 f5
36.Be6+ Rxe6 37.Rxe6 Qh3 38.Qd2 f4 39.Rb6 e3 40.Bxe3 Re7 41.Rf6 Rd7 42.Bd4
fxg3 43.Rxf3 gxh2+ 44.Qxh2 Qxf3 45.Qb8+ Kf7 46.Qxb5 Qg4+ 47.Kh1 Qh5+ 48.Qxh5
gxh5 49.a4 Rxd4 {#R} 0-1

[Event "It (open)"]
[Site "masterchessopen.com Ljubljana (Slovenia)"]
[Date "2004.07.11"]
[Round "3"]
[White "Marjanovic Slavko (SLO)"]
[Black "Ivanec Dezider (SLO)"]
[Result "0-1"]
[WhiteElo "2024"]
[BlackElo "2167"]

1.d4 Nf6 2.c4 g6 3.Nc3 d5 4.Nf3 Bg7 5.cxd5 Nxd5 6.g3 O-O 7.Bg2 c5 8.O-O cxd4
9.Nxd4 Nxc3 10.bxc3 e5 11.Nb3 Qc7 12.Bb2 Nc6 13.Rc1 Be6 14.Qc2 Rfd8 15.Rfd1
Bf5 16.Rxd8+ Rxd8 17.e4 Be6 18.Qe2 Na5 19.Nxa5 Qxa5 20.a3 Qa4 21.Bf1 Bh6
22.Qc2 Bb3 {#R} 0-1

[Event "It (open)"]
[Site "masterchessopen.com Arco (Italy)"]
[Date "2005.10.28"]
[Round "7"]
[White "Fossum Oystein Boyum (NOR)"]
[Black "Ricci Alfredo (ITA)"]
[Result "1-0"]
[WhiteElo "2247"]
[BlackElo "2016"]

1.c4 Nf6 2.g3 g6 3.Bg2 Bg7 4.Nc3 O-O 5.Nf3 d5 6.cxd5 Nxd5 7.O-O c5 8.d4 Nxc3
9.bxc3 Nc6 10.Be3 cxd4 11.Nxd4 Nxd4 12.Bxd4 e5 13.Bc5 Qxd1 14.Rfxd1 Re8
15.Rab1 e4 16.Bxe4 Bxc3 17.Bxb7 Bxb7 18.Rxb7 Rxe2 19.Rdd7 Rxa2 20.Rxf7 a5
21.Rxh7 Rb2 22.Rxb2 Kxh7 23.Rb7+ Kg8 24.Kg2 Rc8 25.Be3 a4 26.Ra7 Rc4 27.h4 Bb2
28.Kh3 a3 29.Ra6 Kh7 30.Ra7+ Kg8 31.f4 Rc6 32.Kg4 Rf6 33.Bc5 Rf7 34.Ra8+ Kg7
35.Bxa3 Bxa3 36.Rxa3 Rf5 37.Ra7+ Kg8 38.Rb7 Kf8 39.Rd7 Rc5 40.Rd4 Kf7 41.Re4
Kf6 42.Re5 Rc3 43.h5 gxh5+ 44.Rxh5 Kg6 45.f5+ Kf6 46.Rh6+ Kf7 47.Rg6 Rb3
48.Kh4 Rb5 49.g4 Ra5 50.Kg5 {#r} 1-0

[Event "It (open)"]
[Site "masterchessopen.com Mont de Marsan (France)"]
[Date "2005.12.27"]
[Round "4"]
[White "Zharkov Hleb (FRA)"]
[Black "Schoucair Henry (FRA)"]
[Result "1-0"]
[WhiteElo "2235"]
[BlackElo "2122"]

1.Nf3 Nf6 2.c4 g6 3.Nc3 d5 4.cxd5 Nxd5 5.g3 Bg7 6.Bg2 O-O 7.O-O c5 8.d4 cxd4
9.Nxd4 Nxc3 10.bxc3 Qa5 11.Qb3 Nc6 12.Be3 Rd8 13.Rfd1 Bd7 14.a4 Rab8 15.h4
Nxd4 16.Bxd4 Be6 17.Qa3 Bf6 18.Bxf6 Rxd1+ 19.Rxd1 exf6 20.Qb4 Qc7 21.Qd4 b5
22.axb5 Rxb5 23.Qxf6 Rb8 24.h5 Qc5 25.Rd8+ Rxd8 26.Qxd8+ Qf8 27.Qc7 a6 28.Bb7
gxh5 29.Bxa6 Qh6 30.Qf4 Qg7 31.Qb8+ Qf8 32.Qxf8+ Kxf8 33.Bb7 Ke7 {#r} 1-0

[Event "It (open)"]
[Site "masterchessopen.com Rewal (Poland)"]
[Date "2006.08.25"]
[Round "6"]
[White "Czachor Grzegorz (POL)"]
[Black "Wiewiora Eneasz (POL)"]
[Result "1-0"]
[WhiteElo "1991"]
[BlackElo "1887"]

1.Nf3 Nf6 2.c4 g6 3.Nc3 d5 4.d4 Bg7 5.g3 O-O 6.Bg2 c5 7.cxd5 Nxd5 8.O-O cxd4
9.Nxd4 Nxc3 10.bxc3 Qa5 11.Qb3 Nc6 12.Be3 Rd8 13.Rfd1 Bd7 14.a4 e5 15.Nxc6
Bxc6 16.Bxc6 bxc6 17.Bg5 Rdb8 18.Qc4 h6 19.Rd7 Rf8 20.Be7 e4 21.Bxf8 Rxf8
22.Qxc6 e3 23.fxe3 Qg5 24.Qf3 Bxc3 25.Rf1 f6 26.Kg2 f5 27.Qd5+ {#r} 1-0

[Event "It (open)"]
[Site "masterchessopen.com Bad Wiessee (Germany)"]
[Date "2006.11.05"]
[Round "2"]
[White "Fahnenschmidt Gerhard Dr (GER)"]
[Black "Laylo Darwin (PHI)"]
[Result "0-1"]
[WhiteElo "2145"]
[BlackElo "2448"]

1.c4 Nf6 2.Nc3 d5 3.cxd5 Nxd5 4.Nf3 g6 5.g3 Bg7 6.Bg2 O-O 7.O-O c5 8.d4 Nc6
9.Nxd5 Qxd5 10.Ne5 Qxd4 11.Nxc6 bxc6 12.Qc2 Bf5 13.e4 Be6 14.Rd1 Qc4 15.Qd2 h5
16.b3 Qd4 17.Qxd4 Bxd4 18.Rb1 a5 19.Bb2 Rfd8 20.Rd2 a4 21.bxa4 Rxa4 22.a3 Rb8
23.Bf1 Rxa3 24.Bxa3 Rxb1 25.Kg2 Bh3+ 26.Kxh3 Rxf1 27.Kg2 Ra1 28.Bb2 Ra2 29.Bc1
Rxd2 30.Bxd2 Bb2 31.Be3 c4 32.Kf1 c3 33.Bd4 c5 34.Bxc5 c2 35.Be3 c1=Q+ 36.Bxc1
Bxc1 37.Ke2 Kg7 38.f4 Kf6 39.Kf3 e5 40.h3 Ke6 41.h4 Kf6 42.fxe5+ Kxe5 43.g4
Bf4 44.gxh5 gxh5 45.Kg2 Kxe4 46.Kh3 Kf5 47.Kg2 Kg4 48.Kg1 f5 49.Kg2 Be3 50.Kh1
f4 51.Kg2 Bd4 52.Kh2 f3 53.Kh1 Be5 54.Kg1 Kg3 55.Kh1 Bf6 56.Kg1 f2+ 57.Kf1
Bxh4 58.Ke2 Kg2 {#R} 0-1

[Event "It (open)"]
[Site "masterchessopen.com Singapore"]
[Date "2006.12.27"]
[Round "4"]
[White "Anas Nazreen Bakri (MAS)"]
[Black "Song Angela (AUS)"]
[Result "1-0"]
[WhiteElo "2254"]
[BlackElo "2032"]

1.d4 Nf6 2.Nf3 g6 3.g3 Bg7 4.Bg2 O-O 5.O-O d5 6.c4 c5 7.cxd5 Nxd5 8.Nc3 Nxc3
9.bxc3 Nc6 10.Be3 Qa5 11.Qb3 Rd8 12.Rad1 Qa6 13.Ng5 c4 14.Qb2 Bf5 15.Ne4 Qb6
16.Qa3 Qc7 17.Qc5 Rac8 18.Qxc4 Na5 19.Qxc7 Rxc7 20.Bf4 Rcc8 21.Rc1 Nc4 22.Nd2
e5 23.Nxc4 exf4 24.Nd2 fxg3 25.hxg3 b5 26.e3 Bd3 27.Rfe1 Bf8 28.Bf1 Bxf1
29.Kxf1 Rc7 30.Ke2 Rdc8 31.Kd3 Bb4 32.Nb1 Rc4 33.Re2 Ba5 34.Rec2 a6 35.Nd2
R4c7 36.Nb3 Bb6 37.c4 {#r} 1-0

[Event "It (open)"]
[Site "masterchessopen.com Geneva (Switzerland)"]
[Date "2007.01.27"]
[Round "8"]
[White "Krivonosov Oleg (LAT)"]
[Black "Trang Jean-Pierre (SUI)"]
[Result "1-0"]
[WhiteElo "2418"]
[BlackElo "2104"]

1.Nf3 Nf6 2.c4 g6 3.Nc3 d5 4.cxd5 Nxd5 5.d4 Bg7 6.g3 O-O 7.Bg2 c5 8.O-O Nc6
9.Nxd5 Qxd5 10.Be3 Qh5 11.dxc5 Bh3 12.Qa4 Rac8 13.Rfd1 e5 14.Bxh3 Qxh3 15.Qc4
h6 16.Rd6 Kh7 17.Qh4 Qxh4 18.Nxh4 Nd4 19.Bxd4 exd4 20.Rc1 Rfe8 21.Kf1 Rc7
22.b4 a5 23.a3 Ra8 24.Nf3 axb4 25.axb4 Ra2 26.Rd1 Rb2 27.Rb6 Rd7 28.Rd2 Rb1+
29.Kg2 Kg8 30.Ra2 Re7 31.h4 h5 32.Ra8+ Kh7 33.Ng5+ Kh6 34.Rb8 f6 35.Ne6 Rb2
36.R8xb7 {#r} 1-0

[Event "It (open)"]
[Site "masterchessopen.com Bizovac (Croatia)"]
[Date "2007.02.22"]
[Round "2"]
[White "Stupar Slavoljub (CRO)"]
[Black "Dragojlovic Andjelko (SRB)"]
[Result "0-1"]
[WhiteElo "2119"]
[BlackElo "2409"]

1.c4 Nf6 2.Nc3 d5 3.cxd5 Nxd5 4.Nf3 g6 5.g3 Bg7 6.Bg2 O-O 7.O-O c5 8.d4 Nc6
9.Nxd5 Qxd5 10.dxc5 Qxc5 11.Qa4 Bf5 12.Qh4 Qb4 13.Qxb4 Nxb4 14.Ne1 Nc6 15.e4
Be6 16.Nc2 Rac8 17.Ne3 Nd4 18.Re1 Nc2 19.Nxc2 Rxc2 20.e5 b6 21.Be4 Rc7 22.f4
Rfc8 23.Bd2 f6 24.Bc3 fxe5 25.fxe5 Rd8 26.a4 Rc5 27.Bf3 Rd3 28.Kf2 Rdxc3
29.bxc3 Bxe5 30.Rad1 Kg7 31.Bd5 Bg4 32.Rxe5 Bxd1 33.Rxe7+ Kf8 34.Rf7+ Ke8
35.Be6 Bg4 36.Ba2 Rxc3 37.Rf4 Rc2+ 38.Ke3 Rxa2 39.Rxg4 Rxh2 40.Kd4 Kd7 41.Ke5
Rf2 42.Rh4 Rf5+ 43.Ke4 h5 44.Rh1 Ke6 45.Rd1 Ra5 46.Rd4 Rg5 47.Kf3 Rg4 48.Rxg4
hxg4+ 49.Kxg4 a6 50.Kg5 b5 51.axb5 axb5 {#R} 0-1

[Event "It (open)"]
[Site "masterchessopen.com Angers (France)"]
[Date "2007.04.13"]
[Round "1"]
[White "Lesbros Bernard (FRA)"]
[Black "Perez Aleman Pedro Tomas (ESP)"]
[Result "1-0"]
[WhiteElo "2045"]
[BlackElo "2110"]

1.Nf3 Nf6 2.c4 g6 3.Nc3 Bg7 4.d4 d5 5.g3 O-O 6.cxd5 Nxd5 7.Bg2 c5 8.O-O cxd4
9.Nxd4 Nxc3 10.bxc3 Na6 11.Ba3 Re8 12.Rb1 Rb8 13.Qc1 Bxd4 14.cxd4 Qxd4 15.Rd1
Qe5 16.Bb2 Qc5 17.Qh6 e5 18.Rbc1 Qf8 19.Qe3 Qe7 20.Ba3 Qe6 21.Rd6 Qg4 22.Bd5
Bf5 23.Rc4 e4 24.Bb4 Kf8 25.Qh6+ Ke7 26.Ba3 b5 27.Rxa6+ b4 28.Rxg6 bxa3
29.Rxg4 {#r} 1-0

[Event "It (open)"]
[Site "masterchessopen.com Guben (Germany)"]
[Date "2008.01.07"]
[Round "8"]
[White "Kalinitschew Sergey (GER)"]
[Black "Kocwin Bartosz (POL)"]
[Result "1-0"]
[WhiteElo "2492"]
[BlackElo "2260"]

1.d4 Nf6 2.Nf3 g6 3.c4 Bg7 4.Nc3 O-O 5.g3 d5 6.cxd5 Nxd5 7.Bg2 c5 8.O-O cxd4
9.Nxd4 Nxc3 10.bxc3 a6 11.Ba3 Qc7 12.Qb3 Rd8 13.Rfd1 Ra7 14.Nf3 b5 15.Ng5 e6
16.Ne4 Nd7 17.Bd6 Qa5 18.a4 bxa4 19.Rxa4 Rb7 20.Nf6+ Nxf6 21.Bxb7 Qb5 22.Qxb5
axb5 23.Ra8 {#r} 1-0

[Event "It (open)"]
[Site "masterchessopen.com Dubai (United Arab Emirates)"]
[Date "2008.04.09"]
[Round "4"]
[White "Guliev Sarhan (AZE)"]
[Black "Alhuwar Jasem (UAE)"]
[Result "1-0"]
[WhiteElo "2490"]
[BlackElo "2230"]

1.d4 Nf6 2.c4 g6 3.Nf3 Bg7 4.Nc3 O-O 5.g3 d5 6.cxd5 Nxd5 7.Bg2 c5 8.O-O Nc6
9.Nxd5 Qxd5 10.Be3 cxd4 11.Nxd4 Qa5 12.Bxc6 bxc6 13.Nxc6 Qc7 14.Qa4 Bh3
15.Rfc1 Bf6 16.Bd4 Qd6 17.Bxf6 Qxf6 18.Qd4 Qxd4 19.Nxd4 Rfd8 20.e3 e5 21.Nc6
Rd2 22.b4 f6 23.a4 a6 24.Rd1 Rc2 25.Rac1 Rxc1 26.Rxc1 Bd7 27.Ne7+ Kf7 28.Nd5
Rb8 29.a5 f5 30.f3 Be6 31.Rc7+ Kf8 32.Nb6 Rd8 33.b5 axb5 34.a6 b4 35.a7 b3
36.a8=Q Rxa8 37.Nxa8 Bd5 38.Rc1 b2 39.Rb1 Bxa8 40.Kf2 e4 41.Rxb2 Bd5 42.Rb5
Bc6 43.Rc5 Bd7 44.f4 Ke7 45.Ke2 h6 46.Kd2 g5 47.Kc3 gxf4 48.gxf4 Kf6 49.Kd4
{#r} 1-0

[Event "It (open)"]
[Site "masterchessopen.com Pardubice (Czech Republic)"]
[Date "2008.07.18"]
[Round "1"]
[White "Jedlicka Ales (CZE)"]
[Black "Akesson Ralf (SWE)"]
[Result "0-1"]
[WhiteElo "2287"]
[BlackElo "2484"]

1.d4 Nf6 2.c4 g6 3.Nc3 d5 4.Nf3 Bg7 5.g3 O-O 6.cxd5 Nxd5 7.Bg2 c5 8.O-O Nxc3
9.bxc3 Nc6 10.e3 Be6 11.Qe2 Rc8 12.Rd1 Na5 13.Ng5 Bc4 14.Qf3 e5 15.h4 cxd4
16.exd4 exd4 17.cxd4 Nc6 18.Be3 h6 19.Nh3 Re8 20.Nf4 Rc7 21.Rac1 Bxa2 22.d5
Ne5 23.Qe4 Nc4 24.d6 Rd7 25.Qc2 Nxe3 26.fxe3 Be6 27.h5 Bf5 28.e4 Bg4 29.hxg6
fxg6 30.e5 Bf5 31.Qc4+ Kh7 32.g4 Bxg4 33.Nxg6 Qg5 34.Ne7 Bxd1 35.Rxd1 Rexe7
36.e6 Qe3+ 37.Kh1 Rxe6 {#R} 0-1

[Event "It (open)"]
[Site "masterchessopen.com Reykjavik (Iceland)"]
[Date "2009.03.26"]
[Round "3"]
[White "Cori T Deysi (PER)"]
[Black "Tratatovici Dan (ISR)"]
[Result "0-1"]
[WhiteElo "2390"]
[BlackElo "2164"]

1.d4 Nf6 2.Nf3 g6 3.c4 Bg7 4.g3 O-O 5.Bg2 d5 6.cxd5 Nxd5 7.Nc3 c5 8.O-O Nc6
9.e3 Bg4 10.h3 Be6 11.Ne4 cxd4 12.exd4 Qb6 13.Nc5 Nxd4 14.Nxd4 Qxc5 15.Nxe6
fxe6 16.Qe2 Qb6 17.h4 Rac8 18.h5 gxh5 19.Bg5 Rf5 20.Bh3 Re5 21.Qd2 Bf6 22.Bxf6
Nxf6 23.Rae1 Rcc5 24.b4 Rcd5 25.Qc3 Ne4 26.Qc8+ Rd8 27.Qc4 Rd4 28.Qc8+ Kg7
29.Qb8 Rg5 30.Qf4 e5 31.Qe3 Qg6 32.Bg2 Nd2 33.f4 Nxf1 34.Kxf1 Rxg3 35.Qxe5+
Qf6 36.Kf2 h4 {#R} 0-1

[Event "It (open)"]
[Site "masterchessopen.com Barbera del Valles (Spain)"]
[Date "2010.07.06"]
[Round "3"]
[White "Gomez Jurado Luis Alberto (ESP)"]
[Black "Nicolas Zapata Irene (ESP)"]
[Result "1-0"]
[WhiteElo "2339"]
[BlackElo "2027"]

1.d4 Nf6 2.c4 g6 3.Nc3 d5 4.cxd5 Nxd5 5.g3 Bg7 6.Nf3 O-O 7.Bg2 c5 8.O-O Nxc3
9.bxc3 Nc6 10.e3 Qb6 11.Ba3 cxd4 12.cxd4 Rd8 13.Qa4 Bf5 14.Rad1 Rd7 15.d5 Qa5
16.Qb3 Ne5 17.Nxe5 Bxe5 18.e4 Bg4 19.f3 Rc8 20.Bb4 Qb6+ 21.Kh1 Bh5 22.g4 Qf6
23.Be1 Rdc7 24.gxh5 Rc2 25.f4 Bxf4 26.Bg3 Qg5 27.Rxf4 R8c3 28.Qb5 {#r} 1-0

[Event "It (open)"]
[Site "masterchessopen.com Albena (Bulgaria)"]
[Date "2011.06.28"]
[Round "4"]
[White "Radulov Ivan (BUL)"]
[Black "Todorov Todor (BUL)"]
[Result "1-0"]
[WhiteElo "2306"]
[BlackElo "2486"]

1.Nf3 Nf6 2.d4 g6 3.c4 Bg7 4.Nc3 d5 5.cxd5 Nxd5 6.g3 O-O 7.Bg2 c5 8.O-O Nxc3
9.bxc3 Qa5 10.Bb2 Nc6 11.e3 Bg4 12.Qb3 cxd4 13.cxd4 Qh5 14.Nd2 Rab8 15.Rac1
Bh3 16.Rc5 e5 17.d5 Bxg2 18.Kxg2 Nd8 19.Rc7 Qe2 20.Ne4 Qa6 21.Rfc1 b6 22.Nc5
bxc5 23.Qxb8 Ne6 24.Rxa7 Qe2 25.Qb3 Ng5 26.Qc2 Qf3+ 27.Kf1 Qh1+ 28.Ke2 Qf3+
29.Ke1 Qh1+ 30.Kd2 Qxd5+ 31.Qd3 Qf3 32.Kc2 Qxf2+ 33.Kb1 Rb8 34.Qc2 Qxe3
35.Qxc5 e4 36.Rb7 Rxb7 37.Qc8+ Bf8 38.Qxb7 Qd3+ 39.Ka1 e3 40.Qb8 Qe4 41.Qd8
Ne6 42.Qf6 Ng7 43.Re1 Qd3 44.Qe5 Qd2 45.Qxe3 Qxh2 46.Qe5 h5 47.a3 Qc2 48.Rc1
Qf5 49.a4 Qg4 50.Qf4 Qe6 51.Qd4 Qh3 52.a5 Qxg3 53.a6 Qg2 54.a7 Kh7 55.Qd8 {#r}
1-0

[Event "It (open)"]
[Site "masterchessopen.com Winterthur (Switzerland)"]
[Date "2011.10.08"]
[Round "1"]
[White "Rausis Igors (CZE)"]
[Black "Martin T Milan (SVK)"]
[Result "1-0"]
[WhiteElo "2497"]
[BlackElo "2095"]

1.Nf3 Nf6 2.g3 g6 3.Bg2 Bg7 4.c4 O-O 5.O-O c5 6.Nc3 d5 7.cxd5 Nxd5 8.d4 cxd4
9.Nxd4 Nxc3 10.bxc3 Nd7 11.Ba3 Re8 12.Rb1 Nb6 13.Qd3 Rb8 14.Rfd1 Bd7 15.c4 Ba4
16.Nb3 Qxd3 17.exd3 Bc6 18.Na5 Ba4 19.Rdc1 Rbd8 20.c5 Rxd3 21.cxb6 axb6 22.Nb3
Rd7 23.Bb2 e5 24.Re1 g5 25.Rbd1 Rc7 26.Bd5 Kh8 27.Rd2 h5 {#r} 1-0

[Event "It (open)"]
[Site "masterchessopen.com Vaujany (France)"]
[Date "2012.07.13"]
[Round "2"]
[White "Milchev Nikolay (BUL)"]
[Black "Skinke Katrina (LAT)"]
[Result "1-0"]
[WhiteElo "2421"]
[BlackElo "2238"]

1.Nf3 Nf6 2.c4 g6 3.Nc3 d5 4.cxd5 Nxd5 5.g3 Bg7 6.Bg2 O-O 7.O-O c5 8.d4 cxd4
9.Nxd4 Nxc3 10.bxc3 Qc7 11.Qb3 Nc6 12.Be3 Bd7 13.Rab1 b6 14.Rfd1 Na5 15.Qb4
Rac8 16.Qxe7 Rfe8 17.Qg5 Qxc3 18.Nb5 Bxb5 19.Qxb5 Qc4 20.Rd7 Qxb5 21.Rxb5 Nc4
22.Bf4 Rxe2 23.Bd5 Ne5 24.Rxa7 Kh8 25.Kf1 Rec2 26.Bb3 R2c5 27.Rxb6 Re8 28.Rbb7
Nc6 29.Rc7 Rc3 30.Rab7 Na5 31.Rxc3 Bxc3 32.Rxf7 {#r} 1-0

[Event "It (open)"]
[Site "masterchessopen.com Feffernitz (Austria)"]
[Date "2012.08.21"]
[Round "4"]
[White "Poletti Fausto (ITA)"]
[Black "Mitter Gerd (AUT)"]
[Result "0-1"]
[WhiteElo "1950"]
[BlackElo "2217"]

1.c4 Nf6 2.g3 g6 3.Bg2 c5 4.Nc3 Bg7 5.Nf3 O-O 6.O-O d5 7.cxd5 Nxd5 8.d4 cxd4
9.Nxd4 Nxc3 10.bxc3 Qa5 11.Qb3 Nc6 12.Nxc6 bxc6 13.Ba3 Be6 14.Qb4 Qa6 15.Qxe7
Rfe8 16.Qh4 Qxa3 17.Bxc6 Bxc3 18.Rac1 Bb2 19.Rce1 Qxa2 20.Bxe8 Rxe8 21.Rb1 Rc8
22.Rfd1 Kg7 23.Qf4 Bf6 24.e4 g5 25.Qf3 Rc3 26.Qh5 h6 27.Re1 Bd4 28.Qe2 Rc2
{#R} 0-1

[Event "It (open) (a)"]
[Site "masterchessopen.com Dortmund (Germany)"]
[Round "3"]
[White "Doettling Gustav (GER)"]
[Black "Johannsen Dennis (GER)"]
[Result "0-1"]
[WhiteElo "2086"]
[BlackElo "2079"]

1.d4 Nf6 2.Nf3 g6 3.c4 Bg7 4.g3 O-O 5.Nc3 d5 6.cxd5 Nxd5 7.Bg2 c5 8.O-O cxd4
9.Nxd4 Nxc3 10.bxc3 Qa5 11.Bb2 Rd8 12.Qb3 Na6 13.Rfd1 Bd7 14.Qa3 Qb6 15.Rab1
Nc5 16.Ba1 Qc7 17.Nb5 Bxb5 18.Rxb5 Rxd1+ 19.Bf1 Qc6 {#R} 0-1

[Event "It (open) (active)"]
[Site "masterchessopen.com Chalons (France)"]
[Date "2008.09.04"]
[Round "5"]
[White "Edouard Romain (FRA)"]
[Black "Vachier-Lagrave Maxime (FRA)"]
[Result "0-1"]
[WhiteElo "2531"]
[BlackElo "2716"]

1.Nf3 Nf6 2.c4 g6 3.Nc3 d5 4.cxd5 Nxd5 5.g3 Bg7 6.Bg2 O-O 7.O-O c5 8.d4 Nxc3
9.bxc3 Nc6 10.e3 Be6 11.Ba3 cxd4 12.cxd4 Qa5 13.Qd3 Rac8 14.Rfc1 Nb4 15.Bxb4
Qxb4 16.Rcb1 Qa4 17.Rxb7 Bc4 18.Qd1 Qa6 19.Ne5 Bxe5 20.dxe5 Rfd8 21.Qg4 Qa3
22.h4 Qc3 23.Rd1 Be6 24.Rxd8+ Rxd8 25.Qb4 Qxb4 26.Rxb4 Rd1+ 27.Kh2 Rd2 28.f3
Rxa2 29.g4 a5 30.Rb8+ Kg7 31.Kg3 a4 32.e4 a3 33.Ra8 Ra1 34.f4 a2 35.f5 Re1
36.fxe6 a1=Q 37.Rxa1 Rxa1 38.exf7 Kxf7 39.g5 Ra2 40.Bf3 Ke6 41.Kf4 Rf2 42.Kg3
Rf1 {#R} 0-1

[Event "It (open) (b)"]
[Site "masterchessopen.com Klatovy (Czech Republic)"]
[Round "0"]
[White "Vevera Radek (CZE)"]
[Black "Filipi Stepan (CZE)"]
[Result "1-0"]
[WhiteElo "2048"]
[BlackElo "2136"]

1.Nf3 Nf6 2.g3 g6 3.Bg2 Bg7 4.O-O O-O 5.c4 c5 6.Nc3 d5 7.cxd5 Nxd5 8.d4 cxd4
9.Nxd4 Nxc3 10.bxc3 Nd7 11.Ba3 Ne5 12.Qb3 Rb8 13.Rfd1 Qc7 14.Nb5 Qc4 15.Bxe7
Re8 16.Bd6 Qxe2 17.Nd4 Be6 18.Nxe2 Bxb3 19.axb3 Rbd8 20.Bxe5 {#r} 1-0

[Event "It (open) (juniors) (under 14) (g)"]
[Site "masterchessopen.com Bento Goncalves (Brazil)"]
[Date "2010.08.03"]
[Round "2"]
[White "Xiang Ellen (USA)"]
[Black "Sanchez Zambrano Vanessa (PER)"]
[Result "0-1"]
[WhiteElo "1874"]
[BlackElo "1727"]

1.d4 Nf6 2.c4 g6 3.Nf3 d5 4.g3 Bg7 5.Bg2 O-O 6.O-O c5 7.cxd5 Nxd5 8.Nc3 Nxc3
9.bxc3 Qa5 10.Qb3 Na6 11.Bf4 Nc7 12.Ne5 Nb5 13.Nc4 Qa6 14.a4 Nd6 15.Nxd6 exd6
16.e3 cxd4 17.cxd4 Rb8 18.Rfc1 Be6 19.Qb4 Rfd8 20.Rab1 Bf8 21.Bf1 b5 22.axb5
Qb7 23.Bg2 Bd5 24.Bxd5 Qxd5 25.Qc4 Qf5 26.Qc2 Rxb5 27.e4 Qd7 28.Rxb5 Qxb5
29.Qc7 Qb6 30.e5 dxe5 31.Bxe5 Bb4 32.Qc4 Re8 33.Qd5 Bf8 34.Rc6 Qb1+ 35.Kg2
{#R} 0-1

[Event "It (sheveningen)"]
[Site "masterchessopen.com Budapest (Hungary)"]
[Round "0"]
[White "Zilahi Gabor (HUN)"]
[Black "Brignone Roberto (ITA)"]
[Result "1-0"]
[WhiteElo "2071"]
[BlackElo "2054"]

1.Nf3 Nf6 2.d4 d5 3.g3 g6 4.Bg2 Bg7 5.c4 O-O 6.Nc3 c5 7.cxd5 Nxd5 8.O-O cxd4
9.Nxd4 Nxc3 10.bxc3 e5 11.Nb5 Nc6 12.Ba3 Re8 13.Nd6 Re6 14.Qd3 Bf8 15.Rfd1
Bxd6 16.Bxd6 Re8 17.Rab1 Bf5 18.e4 Bc8 19.Qe3 Qf6 20.Qc5 Rd8 21.a4 a5 22.f4
Re8 23.Rf1 Qg7 24.fxe5 Nxe5 25.Rb5 f6 26.Rxa5 Rxa5 27.Qxa5 Nc4 28.Qc5 Nxd6
29.Qxd6 Re6 30.Qd5 Qd7 31.Rd1 Qxd5 32.exd5 Re3 33.d6 Bd7 34.Bxb7 Rxc3 35.a5
Ra3 36.a6 Kf8 37.Re1 Bb5 38.Bc8 Rd3 39.a7 Bc6 40.d7 Kf7 41.Re8 Rxd7 42.Bxd7
Bxd7 43.Rh8 {#r} 1-0

[Event "Landesliga Bayern North 2008/09"]
[Site "masterchessopen.com Bayern (Germany)"]
[Date "2009.02.01"]
[Round "6"]
[White "Golda Harald (GER)"]
[Black "Kraft Volker (GER)"]
[Result "0-1"]
[WhiteElo "2292"]
[BlackElo "2399"]

1.Nf3 c5 2.c4 g6 3.g3 Bg7 4.Bg2 Nf6 5.O-O O-O 6.Nc3 d5 7.cxd5 Nxd5 8.d4 cxd4
9.Nxd4 Nxc3 10.bxc3 Nc6 11.Nxc6 bxc6 12.Qa4 Bxc3 13.Bh6 Bxa1 14.Rxa1 Be6
15.Bxf8 Kxf8 16.Bxc6 Rc8 17.Bb7 Rc7 18.Qxa7 Bc8 {#R} 0-1

[Event "Memorial Dr. Lang (a)"]
[Site "masterchessopen.com Brno (Czech Republic)"]
[Round "0"]
[White "Gola Martin (CZE)"]
[Black "Sevcik Vladimir (CZE)"]
[Result "1-0"]
[WhiteElo "2320"]
[BlackElo "2247"]

1.d4 Nf6 2.c4 g6 3.Nc3 Bg7 4.Nf3 O-O 5.g3 d5 6.cxd5 Nxd5 7.Bg2 c5 8.O-O cxd4
9.Nxd4 Nxc3 10.bxc3 a6 11.Qb3 Qc7 12.Rb1 Nd7 13.Ba3 Re8 14.Rfd1 Ne5 15.Bc1 Nd7
16.Bd5 e6 17.Bf4 Qa5 18.Nxe6 fxe6 19.Bxe6+ Rxe6 20.Qxe6+ Kh8 21.Qe8+ Nf8
22.Bd6 Qf5 {#r} 1-0

[Event "Memorial E.Geller (open)"]
[Site "masterchessopen.com Odessa (Ukraine)"]
[Date "2010.08.29"]
[Round "9"]
[White "Grigoryev Andrey (UKR)"]
[Black "Afanasjev Anatoly (UKR)"]
[Result "0-1"]
[WhiteElo "1867"]
[BlackElo "2048"]

1.c4 Nf6 2.Nc3 g6 3.g3 Bg7 4.Bg2 O-O 5.Nf3 c5 6.O-O d5 7.cxd5 Nxd5 8.d4 cxd4
9.Nxd4 Nxc3 10.bxc3 Nd7 11.Qb3 Qb6 12.Bb2 Nc5 13.Qxb6 axb6 14.Rfd1 Bd7 15.Nb3
Ba4 16.Rd4 Bc6 17.Rd2 Bxg2 18.Kxg2 Rfd8 19.Rad1 Rxd2 20.Rxd2 Rxa2 21.Rd8+ Bf8
22.Bc1 Kg7 23.Nxc5 bxc5 24.Be3 b6 25.Rb8 Rc2 26.Rxb6 Rxc3 27.Kf3 e6 28.Ke4 Be7
29.Ke5 Rc2 30.Rb7 Bf6+ 31.Kd6 c4 32.Kd7 Rb2 33.Rxb2 Bxb2 34.Kc6 e5 35.f4 c3
36.fxe5 c2 37.Kd7 c1=Q 38.Bxc1 Bxc1 39.e6 fxe6 40.Kxe6 Be3 41.Ke5 Kf7 42.h4 h5
43.Ke4 Bd2 44.Kf3 Kf6 45.g4 hxg4+ 46.Kxg4 Be3 47.Kf3 Bd2 48.Kg4 Be1 49.h5 g5
50.e4 Bc3 51.Kf3 Kg7 52.Kg3 Kh6 53.Kg4 Bb2 {#R} 0-1

[Event "Memorial I.Kopylov (open)"]
[Site "masterchessopen.com Ufa (Russia)"]
[Date "2010.12.25"]
[Round "5"]
[White "Kuluev Zagit (RUS)"]
[Black "Ilkin Albert (RUS)"]
[Result "0-1"]
[WhiteElo "1984"]
[BlackElo "2172"]

1.d4 Nf6 2.c4 g6 3.Nc3 d5 4.Nf3 Bg7 5.g3 O-O 6.cxd5 Nxd5 7.Bg2 c5 8.O-O cxd4
9.Nxd4 Nxc3 10.bxc3 Qa5 11.Bb2 Nd7 12.Qc2 Ne5 13.c4 Bd7 14.Nb3 Qc7 15.Rac1
Rac8 16.Nd2 b6 17.f4 Qc5+ 18.Kh1 Ng4 19.Ne4 Qh5 20.h4 Ne3 21.Qb3 Bxb2 22.Qxb2
Nxg2 {#R} 0-1

[Event "Memorial J C Thompson"]
[Site "masterchessopen.com Dallas (USA)"]
[Round "3"]
[White "Doss Jason R (USA)"]
[Black "Shulman Yuri (USA)"]
[Result "0-1"]
[WhiteElo "2283"]
[BlackElo "2548"]

1.d4 Nf6 2.c4 g6 3.Nc3 Bg7 4.Nf3 O-O 5.g3 d5 6.cxd5 Nxd5 7.Bg2 c5 8.O-O Nxc3
9.bxc3 Nc6 10.e3 Qa5 11.Bd2 Qc7 12.Qc2 Na5 13.Rfc1 Rd8 14.Be1 Be6 15.Ng5 Bc4
16.Ne4 b6 17.Nd2 Bd5 18.Bxd5 Rxd5 19.f4 Rdd8 20.Bf2 Rac8 21.Qb2 Qd7 22.Nf3 Qa4
23.e4 Rc7 24.dxc5 Qxe4 25.Ng5 Qc6 26.cxb6 Rb7 27.Qe2 axb6 28.Rab1 Nc4 29.Rd1
Rxd1+ 30.Rxd1 Bxc3 31.Rd8+ Kg7 32.Ne4 Ba1 33.Qd3 Ra7 34.Qb1 Bf6 35.Nxf6 Qxf6
36.Qb5 Nd6 37.Qxb6 Qa1+ 38.Kg2 Rxa2 39.Ra8 Rxf2+ {#R} 0-1

[Event "Memorial J.Capablanca"]
[Site "masterchessopen.com Habana (Cuba)"]
[Round "19"]
[White "Bielicki Carlos (ARG)"]
[Black "Garcia Martinez Silvino (CUB)"]
[Result "1-0"]
[WhiteElo "2315"]
[BlackElo "2319"]

1.Nf3 g6 2.c4 Bg7 3.Nc3 Nf6 4.d4 O-O 5.g3 d5 6.cxd5 Nxd5 7.Bg2 c5 8.O-O Nc6
9.Nxd5 Qxd5 10.Be3 Rd8 11.Qa4 Qh5 12.dxc5 Bxb2 13.Rad1 Rxd1 14.Rxd1 Bg7 15.Qb3
Bh6 16.Rd5 e5 17.Rd6 Kg7 18.Bxh6+ Qxh6 19.Nxe5 Nxe5 20.Qb2 f6 21.f4 Nd7
22.Bxb7 Rb8 23.c6 Ne5 24.Rxf6 Ng4 25.Rd6+ Kf7 26.e4 Qh5 27.Rd5 Qh3 28.Rd8 Ne3
29.Qf2 Bxb7 30.Rxb8 Ng4 31.Rxb7+ {#r} 1-0